El Tacto / (Record no. 27565)

MARC details
000 -LEADER
fixed length control field 00687nam a22002417a 4500
001 - CONTROL NUMBER
control field sjds
003 - CONTROL NUMBER IDENTIFIER
control field sjds
005 - DATE AND TIME OF LATEST TRANSACTION
control field 20221220133502.0
008 - FIXED-LENGTH DATA ELEMENTS--GENERAL INFORMATION
fixed length control field 221220b sp ||||| |||| 00| 0 spa d
020 ## - INTERNATIONAL STANDARD BOOK NUMBER
International Standard Book Number 9788434852075
020 ## - INTERNATIONAL STANDARD BOOK NUMBER
International Standard Book Number 8434852071
040 ## - CATALOGING SOURCE
Transcribing agency sjds
041 ## - LANGUAGE CODE
Language code of text/sound track or separate title spa
100 10 - MAIN ENTRY--PERSONAL NAME
Personal name Delafosse, Claude
245 13 - TITLE STATEMENT
Title El Tacto /
Statement of responsibility, etc. by Claude Delafosse (Author), Sophie Kniffke (Author, Illustrator), Paz Barroso (Translator)
246 ## - VARYING FORM OF TITLE
Title proper/short title El Tacto
260 ## - PUBLICATION, DISTRIBUTION, ETC. (IMPRINT)
Place of publication, distribution, etc. Madrid ;
Name of publisher, distributor, etc. SM,
Date of publication, distribution, etc. c1997
300 ## - PHYSICAL DESCRIPTION
Extent [24] p. [11] p. de lam. color :
Other physical details principalmente il. color ;
Dimensions 18 cm.
440 ## - SERIES STATEMENT/ADDED ENTRY--TITLE
Title Muno Mavavilloso
700 10 - ADDED ENTRY--PERSONAL NAME
Personal name Kniffke, Sophie
700 10 - ADDED ENTRY--PERSONAL NAME
Personal name Barroso, Paz
942 ## - ADDED ENTRY ELEMENTS (KOHA)
Koha item type Libro/Book
Holdings
Withdrawn status Lost status Damaged status Not for loan Home library Current library Date acquired Total Checkouts Full call number Barcode Checked out Date last seen Date checked out Price effective from Koha item type Inventory number
        San Juan Del Sur -- Mobile Las delicias 20/12/2022 1 JNC 33016835 14/11/2023 10/10/2023 10/10/2023 20/12/2022 Libro/Book  
        San Juan Del Sur -- Mobile Pochote 20/12/2022 1 JNC 33016804 23/11/2023 19/10/2023 19/10/2023 20/12/2022 Libro/Book  
        San Juan Del Sur -- Mobile Pochote 20/12/2022 1 JNC 33016805   11/06/2024 19/10/2023 20/12/2022 Libro/Book  
        San Juan Del Sur -- Mobile San Juan Del Sur -- Mobile 20/12/2022 4 JNC 33016807   15/10/2024 15/10/2024 20/12/2022 Libro/Book Inventory date: 27-2-25

Powered by Koha